Associez un sportif français à son sport - Statistiques

Statistiques générales
  • Ce quiz a été pris 5 777 fois
  • Le résultat moyen est 17 sur 30
Statistiques - réponses
Sportif Sport % Correct
Hugo Lloris Football
100%
Teddy Riner Judo
96%
Tony Parker Basket-Ball
95%
Jo-Wilfried Tsonga Tennis
90%
Nikola Karabatic Handball
89%
Renaud Lavillenie Saut à la perche
84%
Sébastien Loeb WRC
83%
Martin Fourcade Biathlon
82%
Tony Yoka Boxe
78%
Kévin Mayer Décathlon
77%
Romain Bardet Cyclisme sur Route
76%
Esteban Ocon Formule 1
74%
Christophe Lemaitre Sprint
74%
Alexis Pinturault Ski
71%
Earvin Ngapeth Volley-Ball
66%
Yohann Diniz Marche
62%
Johann Zarco Moto
58%
Guilhem Guirado Rugby
58%
Jérémy Stravius Natation
50%
Pierre Ambroise Bosse 800m
49%
François Gabart Voile
40%
Enzo Lefort Escrime
34%
Grégory Baugé Cyclisme sur Piste
28%
Joris Daudet BMX
16%
Emmanuel Lebesson Tennis de table
14%
Denis Gargaud Canöe Kayak
12%
Philippe Rozier Equitation
12%
Brice Leverdez Badminton
11%
Alexander Levy Golf
10%
Laurent Meunier Hockey sur Glace
4%
Aucun quiz correspondant
Distribution des résultats
% des personnes avec chaque résultat
Percentile par nombre de réponses
Votre historique - résultats
Vous n’avez pas pris ce quiz